<?xml version="1.0" encoding="UTF-8"?>
<record
    xmlns:xsi="http://www.w3.org/2001/XMLSchema-instance"
    xsi:schemaLocation="http://www.loc.gov/MARC21/slim http://www.loc.gov/standards/marcxml/schema/MARC21slim.xsd"
    xmlns="http://www.loc.gov/MARC21/slim">

  <leader>02201cam a2200325 i 4500</leader>
  <controlfield tag="003">SA-RiAUC</controlfield>
  <controlfield tag="005">20251002073233.0</controlfield>
  <controlfield tag="008">251001s2003    ts     g      000 0 ara c</controlfield>
  <datafield tag="024" ind1="0" ind2=" ">
    <subfield code="a">00000000975256</subfield>
  </datafield>
  <datafield tag="040" ind1=" " ind2=" ">
    <subfield code="a">JO-IrYU</subfield>
    <subfield code="b">ara</subfield>
    <subfield code="c">SA-RiAUC</subfield>
    <subfield code="d">AE-DuMBRL</subfield>
    <subfield code="e">rda</subfield>
  </datafield>
  <datafield tag="050" ind1=" " ind2="4">
    <subfield code="b">.D33 2003</subfield>
  </datafield>
  <datafield tag="082" ind1="0" ind2="4">
    <subfield code="a">227.2076</subfield>
    <subfield code="q">SA-RiAUC</subfield>
  </datafield>
  <datafield tag="090" ind1=" " ind2=" ">
    <subfield code="a">227.2076 </subfield>
    <subfield code="b">&#x62F; &#x628; &#x627;</subfield>
  </datafield>
  <datafield tag="100" ind1="1" ind2=" ">
    <subfield code="a">&#x627;&#x644;&#x62F;&#x628;&#x627;&#x646;&#x60C; &#x639;&#x628;&#x62F; &#x627;&#x644;&#x643;&#x631;&#x64A;&#x645;</subfield>
    <subfield code="e">&#x645;&#x624;&#x644;&#x641;.</subfield>
  </datafield>
  <datafield tag="245" ind1="1" ind2="0">
    <subfield code="a">&#x631;&#x633;&#x627;&#x644;&#x629; &#x641;&#x64A; &#x627;&#x644;&#x62A;&#x641;&#x633;&#x64A;&#x631; &#x639;&#x644;&#x649; &#x635;&#x648;&#x631;&#x629; &#x623;&#x633;&#x626;&#x644;&#x629; &#x648;&#x623;&#x62C;&#x648;&#x628;&#x629; /</subfield>
    <subfield code="c">&#x644;&#x644;&#x639;&#x644;&#x627;&#x645;&#x629; &#x627;&#x644;&#x623;&#x633;&#x62A;&#x627;&#x630; &#x627;&#x644;&#x634;&#x64A;&#x62E; &#x639;&#x628;&#x62F; &#x627;&#x644;&#x643;&#x631;&#x64A;&#x645; &#x627;&#x644;&#x62F;&#x628;&#x627;&#x646; &#x61B; &#x627;&#x639;&#x62A;&#x646;&#x64A; &#x628;&#x647;&#x627; &#x639;&#x628;&#x62F; &#x627;&#x644;&#x62D;&#x643;&#x64A;&#x645; &#x627;&#x644;&#x623;&#x646;&#x64A;&#x633;.</subfield>
  </datafield>
  <datafield tag="250" ind1=" " ind2=" ">
    <subfield code="a">&#x627;&#x644;&#x637;&#x628;&#x639;&#x629; &#x627;&#x644;&#x623;&#x648;&#x644;&#x649;.</subfield>
  </datafield>
  <datafield tag="264" ind1=" " ind2="1">
    <subfield code="a">&#x62F;&#x628;&#x64A;&#x60C; &#x627;&#x644;&#x625;&#x645;&#x627;&#x631;&#x627;&#x62A; &#x627;&#x644;&#x639;&#x631;&#x628;&#x64A;&#x629; &#x627;&#x644;&#x645;&#x62A;&#x62D;&#x62F;&#x629; :</subfield>
    <subfield code="b">&#x62F;&#x627;&#x631; &#x627;&#x644;&#x628;&#x62D;&#x648;&#x62B; &#x644;&#x644;&#x62F;&#x631;&#x627;&#x633;&#x627;&#x62A; &#x627;&#x644;&#x625;&#x633;&#x644;&#x627;&#x645;&#x64A;&#x629;&#x60C;</subfield>
    <subfield code="c">2003.</subfield>
  </datafield>
  <datafield tag="300" ind1=" " ind2=" ">
    <subfield code="a">93 &#x635;&#x641;&#x62D;&#x629; &#x61B;</subfield>
    <subfield code="c">17 &#xD7; 12 &#x633;&#x645;.</subfield>
  </datafield>
  <datafield tag="336" ind1=" " ind2=" ">
    <subfield code="a">&#x646;&#x635;</subfield>
    <subfield code="b">txt</subfield>
    <subfield code="2">rdacontent</subfield>
    <subfield code="3">&#x643;&#x62A;&#x627;&#x628;</subfield>
  </datafield>
  <datafield tag="337" ind1=" " ind2=" ">
    <subfield code="a">&#x628;&#x62F;&#x648;&#x646; &#x648;&#x633;&#x64A;&#x637;</subfield>
    <subfield code="b">n</subfield>
    <subfield code="2">rdamedia</subfield>
  </datafield>
  <datafield tag="338" ind1=" " ind2=" ">
    <subfield code="a">&#x645;&#x62C;&#x644;&#x62F;</subfield>
    <subfield code="b">nc</subfield>
    <subfield code="2">rdacarrier</subfield>
  </datafield>
  <datafield tag="490" ind1="0" ind2=" ">
    <subfield code="a">&#x633;&#x644;&#x633;&#x644;&#x629; &#x627;&#x644;&#x631;&#x633;&#x627;&#x626;&#x644; &#x61B;</subfield>
    <subfield code="v">6</subfield>
  </datafield>
  <datafield tag="520" ind1=" " ind2=" ">
    <subfield code="a">&#x64A;&#x62A;&#x646;&#x627;&#x648;&#x644; &#x643;&#x62A;&#x627;&#x628; (&#x631;&#x633;&#x627;&#x644;&#x629; &#x641;&#x64A; &#x627;&#x644;&#x62A;&#x641;&#x633;&#x64A;&#x631; &#x639;&#x644;&#x649; &#x635;&#x648;&#x631;&#x629; &#x623;&#x633;&#x626;&#x644;&#x629; &#x648;&#x623;&#x62C;&#x648;&#x628;&#x629; &#x644;&#x644;&#x647;&#x644;&#x627;&#x645;&#x629; &#x627;&#x644;&#x634;&#x64A;&#x62E; &#x639;&#x628;&#x62F; &#x627;&#x644;&#x643;&#x631;&#x64A;&#x645; &#x627;&#x644;&#x62F;&#x628;&#x627;&#x646;) &#x648;&#x627;&#x644;&#x630;&#x64A; &#x642;&#x627;&#x645; &#x628;&#x62A;&#x623;&#x644;&#x64A;&#x641;&#x647; &#x62F;. &#x639;&#x628;&#x62F; &#x627;&#x644;&#x62D;&#x643;&#x64A;&#x645; &#x627;&#x644;&#x623;&#x646;&#x64A;&#x633;&#x60C; &#x645;&#x648;&#x636;&#x648;&#x639; (&#x627;&#x644;&#x62A;&#x641;&#x633;&#x64A;&#x631;) &#x627;&#x644;&#x643;&#x62A;&#x627;&#x628; &#x631;&#x633;&#x627;&#x644;&#x629; &#x62A;&#x62C;&#x64A;&#x628; &#x639;&#x646; &#x648;&#x627;&#x62D;&#x62F; &#x648;&#x639;&#x634;&#x631;&#x64A;&#x646; &#x633;&#x624;&#x627;&#x644;&#x627; &#x648;&#x642;&#x639;&#x62A; &#x623;&#x648; &#x647;&#x64A; &#x645;&#x62A;&#x648;&#x642;&#x639;&#x629; &#x641;&#x64A; &#x633;&#x648;&#x631;&#x62A;&#x64A; &#x627;&#x644;&#x641;&#x627;&#x62A;&#x62D;&#x629; &#x648;&#x627;&#x644;&#x628;&#x642;&#x631;&#x629;. &#x647;&#x630;&#x627; &#x627;&#x644;&#x623;&#x633;&#x644;&#x648;&#x628; &#x64A;&#x642;&#x631;&#x628; &#x627;&#x644;&#x641;&#x647;&#x645;&#x60C; &#x648;&#x64A;&#x633;&#x627;&#x639;&#x62F; &#x639;&#x644;&#x649; &#x627;&#x644;&#x62A;&#x62F;&#x628;&#x631;&#x60C; &#x648;&#x64A;&#x639;&#x644;&#x645; &#x627;&#x644;&#x642;&#x627;&#x631;&#x626; &#x644;&#x643;&#x62A;&#x627;&#x628; &#x627;&#x644;&#x644;&#x647; &#x623;&#x646; &#x64A;&#x633;&#x623;&#x644; &#x639;&#x645;&#x627; &#x64A;&#x642;&#x631;&#x623;. &#x648;&#x647;&#x648; &#x623;&#x633;&#x644;&#x648;&#x628; &#x62C;&#x62F;&#x64A;&#x62F; &#x642;&#x62F;&#x64A;&#x645;&#x60C; &#x641;&#x642;&#x62F; &#x648;&#x636;&#x639; &#x627;&#x644;&#x639;&#x644;&#x645;&#x627;&#x621; &#x645;&#x624;&#x644;&#x641;&#x627;&#x62A; &#x642;&#x631;&#x622;&#x646;&#x64A;&#x629; &#x623;&#x62C;&#x627;&#x628;&#x648;&#x627; &#x641;&#x64A;&#x647;&#x627; &#x639;&#x644;&#x649; &#x623;&#x633;&#x626;&#x644;&#x629; &#x631;&#x641;&#x639;&#x62A; &#x625;&#x644;&#x64A;&#x647;&#x645;&#x60C; &#x623;&#x648; &#x62A;&#x648;&#x642;&#x639;&#x648;&#x627; &#x62D;&#x635;&#x648;&#x644;&#x647;&#x627;. </subfield>
  </datafield>
  <datafield tag="630" ind1="2" ind2="7">
    <subfield code="a">&#x627;&#x644;&#x642;&#x631;&#x622;&#x646;</subfield>
    <subfield code="x">&#x62A;&#x641;&#x633;&#x64A;&#x631;</subfield>
    <subfield code="v">&#x627;&#x62E;&#x62A;&#x628;&#x627;&#x631;&#x627;&#x62A;&#x60C; &#x623;&#x633;&#x626;&#x644;&#x629;&#x60C; &#x625;&#x644;&#x62E;</subfield>
    <subfield code="2">aucut</subfield>
  </datafield>
  <datafield tag="700" ind1="1" ind2=" ">
    <subfield code="a">&#x627;&#x644;&#x623;&#x646;&#x64A;&#x633;&#x60C; &#x639;&#x628;&#x62F; &#x627;&#x644;&#x62D;&#x643;&#x64A;&#x645; &#x645;&#x62D;&#x645;&#x62F;</subfield>
    <subfield code="e">&#x645;&#x631;&#x627;&#x62C;&#x639;.</subfield>
  </datafield>
  <datafield tag="730" ind1="2" ind2="2">
    <subfield code="a">&#x627;&#x644;&#x642;&#x631;&#x622;&#x646;</subfield>
  </datafield>
  <datafield tag="942" ind1=" " ind2=" ">
    <subfield code="2">ddc</subfield>
    <subfield code="c">BOOK</subfield>
    <subfield code="n">0</subfield>
  </datafield>
  <datafield tag="949" ind1=" " ind2=" ">
    <subfield code="a">SA-JeALM</subfield>
    <subfield code="d">251001</subfield>
    <subfield code="u">mohamedma123</subfield>
    <subfield code="n">1</subfield>
  </datafield>
  <datafield tag="952" ind1=" " ind2=" ">
    <subfield code="0">0</subfield>
    <subfield code="1">0</subfield>
    <subfield code="2">ddc</subfield>
    <subfield code="4">0</subfield>
    <subfield code="7">0</subfield>
    <subfield code="a">WAHAB</subfield>
    <subfield code="b">WAHAB</subfield>
    <subfield code="d">2025-10-02</subfield>
    <subfield code="l">0</subfield>
    <subfield code="o">227.2076  &#x62F; &#x628; &#x627;</subfield>
    <subfield code="p">000019847</subfield>
    <subfield code="r">2025-10-02 07:32:59</subfield>
    <subfield code="w">2025-10-02</subfield>
    <subfield code="y">BOOK</subfield>
  </datafield>
  <datafield tag="952" ind1=" " ind2=" ">
    <subfield code="0">0</subfield>
    <subfield code="1">0</subfield>
    <subfield code="2">ddc</subfield>
    <subfield code="4">0</subfield>
    <subfield code="7">0</subfield>
    <subfield code="a">WAHAB</subfield>
    <subfield code="b">WAHAB</subfield>
    <subfield code="d">2025-11-13</subfield>
    <subfield code="l">0</subfield>
    <subfield code="o">227.2076 &#x62F; &#x628; &#x627;</subfield>
    <subfield code="p">000020149</subfield>
    <subfield code="r">2025-11-13 13:50:24</subfield>
    <subfield code="w">2025-11-13</subfield>
    <subfield code="y">BOOK</subfield>
  </datafield>
  <datafield tag="999" ind1=" " ind2=" ">
    <subfield code="c">12334</subfield>
    <subfield code="d">12334</subfield>
  </datafield>
</record>
